000 00616nam a2200253Ia 4500
003 OSt
005 20221007104243.0
006 a|||||r|||| 00| 0
007 ta
008 221006b |||||||| |||| 00| 0 eng d
024 _a15,327
037 _cTextual
040 _aLCO
_cLCO
_beng
041 _2eng
_aeng
082 _aZ2,91, K4
100 _aPaton G.W
_9307216
245 0 _aJurisprudence
250 _a3rd
260 _aLondon
_bOxford University Press UK
_c1964
300 _a600
650 _aJURISPRUDENCE
942 _hZ2,91, K4
_cTEXL
999 _c1184890
_d1184890